|
|
|
|
| LEADER |
00000naa a2200000uu 4500 |
| 001 |
vtls010963614 |
| 003 |
SK-MaSNL |
| 005 |
20260302143321.0 |
| 008 |
220810|2006 xo |||||||||||||||||cze| |
| 015 |
|
|
|a SNBRA
|
| 035 |
|
|
|a (urnnbn)urn:nbn:sk:snk:ar-a0btyj
|
| 035 |
|
|
|a (uuid)fd362675-4765-4f77-aae5-050a9a0f41de
|
| 035 |
|
|
|a urn:nbn:sk:snk-aaulgi
|
| 040 |
|
|
|a SNKBUCL
|b slo
|c SNKBUCL
|e AACR2
|
| 041 |
0 |
|
|a cze
|
| 044 |
|
|
|a xo
|c SK
|
| 100 |
1 |
|
|a Kuda, František,
|d 1954-
|4 aut
|9 252294
|
| 245 |
1 |
0 |
|a Úloha dopravy pro vznik a vývoj ostravské sídelní a průmyslové aglomerace
|c František Kuda, Ivo Staš, Vítězslav Kuta
|
| 700 |
1 |
|
|a Staš, Ivo
|4 aut
|9 833207
|
| 700 |
1 |
|
|a Kuta, Vítězslav
|4 aut
|9 833208
|
| 773 |
0 |
|
|t Verejná osobná doprava 2006
|d Bratislava] : Kongres management, 2006
|g S. 71-76
|z 809693659X
|
| 954 |
|
|
|a odborná, vedecká literatúra cudzojazyčná (svetová)
|2 lita
|
| 958 |
|
|
|a OND
|
| 958 |
|
|
|a article11
|
| 958 |
|
|
|a chapter
|
| 999 |
|
|
|c 1343821
|d 1345751
|